000 00272nam a2200109Ia 4500
008 190913s9999||||xx |||||||||||||| ||und||
100 _aJohn Hendry
245 0 _aEuropean Cases In Strategic Management
260 _aIndia
_bPrentice Hall
_c2013
300 _a500
942 _cBK
999 _c8323
_d8323